LEADER 01075nam a2200277 i 4500 001 000000137709 003 CaOOAMICUS 005 20050420000000.0 008 050420s2002 it u000 u ita u 013 $a111567 020 $a88-17-17272-3 040 $aSeMil$bita 100 1 $aTuroldo, David Maria,$c.$0(OLS)http://semarc/name/2700 245 10$aNel lucido buio /$cDavid Maria Turoldo ; a cura di Giorgio Luzzi. 260 $aMilano :$bBiblioteca Universale Rizzoli,$c2002. 300 $a155 p. ;$c20 cm. 490 0 $aBUR. La scala 500 $aFondo Card. C.M. Martini. 700 1 $aLuzzi, Giorgio.$0(OLS)http://semarc/name/46903 830 0$aBUR. La scala.$0(OLS)http://semarc/title/17711 850 $aSeMil 852 $aSeMil$W1$xVenegono$y1$m1B III 80$j212138$B225504$CSeMilBibl$Z2$F225504 $81 941 1 $a4 996 $6020$a88-17-17272-3$9(OLS)http://semarc/number/125509 996 $6245$aNel lucido buio$9(OLS)http://semarc/title/201225 996 $6260$aMilano :$bBiblioteca Universale Rizzoli$9(OLS)http://semarc/publisher/31907 LEADER 00764nam a2200193 i 4500 001 000000234332 003 CaOOAMICUS 005 20141013000000.0 008 141013s1825 it u000 u ita u 013 $a213235 026 $as-l- dali o-a- radi (7) 1825 (A) 040 $aSeMil$bita 245 10$aVol. 30. 300 $a368 p., [1] carta di tav. 773 0 $aOrsi, Giuseppe Agostino $tStoria ecclesiastica del cardinale Giuseppe Agostino Orsi accademico della Crusca.$dVenezia : Presso Giuseppe Battaggia : co' tipi di G. Picotti, 1822-1826.$g30$w()29661 850 $aSeMil 852 $aSeMil$W1$xVenegono$y1$m3A I 115 FA$j184678$B184678$CSeMilBibl$Z2$F195677 $8I 961 $aRecupero: Altro 996 $6245$aVol. 30$9(OLS)http://semarc/title/306903